Loading...
| Science - Physics | 0 | 10 | 1 | 2 | 95 | 46 | 96.00 | 1 | 4 | 15.50 | 44.49 |
| Fine Arts - Classical Music | 0 | 10 | 3 | 1 | 85 | 51 | 81.50 | 2 | 5 | 24.55 | 46.36 |
| Science - Other | 0 | 9 | 2 | 2 | 80 | 42 | 96.33 | 3 | 4 | 15.37 | 34.16 |
| Literature - American | 0 | 7 | 0 | 1 | 70 | 40 | 120.57 | 1 | 1 | 8.30 | 25.41 |
| Science - Chemistry | 0 | 7 | 2 | 3 | 60 | 69 | 111.00 | 1 | 3 | 5.56 | 22.75 |
| Literature - European | 0 | 6 | 1 | 0 | 55 | 56 | 101.50 | 1 | 2 | 11.39 | 28.38 |
| Science - Biology | 0 | 5 | 0 | 3 | 50 | 64 | 112.00 | 1 | 1 | 4.17 | 15.35 |
| Literature - British | 0 | 5 | 1 | 1 | 45 | 46 | 101.60 | 1 | 2 | 9.01 | 23.09 |
| Fine Arts - Other | 0 | 2 | 0 | 0 | 20 | 74 | 108.00 | 0 | 1 | 2.77 | 7.93 |
| Philosophy | 0 | 1 | 0 | 0 | 10 | 143 | 143.00 | 0 | 0 | 0.27 | 2.35 |
| Other Academic | 0 | 1 | 0 | 1 | 10 | 123 | 123.00 | 0 | 0 | 0.00 | 0.53 |
| Mythology | 0 | 1 | 0 | 0 | 10 | 140 | 140.00 | 0 | 0 | 0.00 | 0.66 |
| Literature - World | 0 | 0 | 2 | 0 | -10 | 0.00 | 0 | 0 | 0.00 | 0.00 |